000 00751nam a2200217 a 4500
001 84210
003 BD-RjUL
005 20241103104501.0
008 241103s2021 bg ||||| |||| 00| 0 eng d
035 _a(BD-RjUL)84210
040 _aBD-RjUL
_beng
_cBD-RjUL
041 _aben
082 _223
_a891.448
_bTAS 2021
100 _aতাহের, মোঃ আবু
_914028
245 _aসময়ের জলছাপ /
_cমোঃ আবু তাহের
260 _aঢাকা :
_bআবীর পাবলিকেশন্স,
_c২০২১
300 _a১১২ পৃ.;
_c২২ সেমি.
650 _aবাংলা বিবিধ লেখা
_914040
650 _aBengali miscellaneous writing
_914041
942 _2ddc
_cBK
999 _c84210
_d84210